Kúpa a predaj dlhopisu FNM SR na trhu RM-Systém Slovakia, a.s.
Informačná príručka. Informácie, ktoré sú potrebné pri predaji a kúpe dlhopisu FNM SR. Dlhopis fondu, jeho hodnota a lehota splatnosti. Služby RM-S pre dlhopis fondu. Konanie na trhu prostredníctvom zástupcov. Obchodovanie s dlhopisom. Pokyny na trhu. Vzory podaní pokynov. Zoznam obchodných miest RM...
Enregistré dans:
| Format: | Chapitre de livre |
|---|---|
| Langue: | slovaque |
| Sujets: | |
| Tags: |
Pas de tags, Soyez le premier à ajouter un tag!
|
MARC
| LEADER | 00000naa a2200000 4500 | ||
|---|---|---|---|
| 001 | r021471 | ||
| 005 | 20230809082133.3 | ||
| 041 | 0 | |a slo | |
| 044 | |a SK | ||
| 245 | 1 | 0 | |a Kúpa a predaj dlhopisu FNM SR na trhu RM-Systém Slovakia, a.s. |
| 520 | |a Informačná príručka. Informácie, ktoré sú potrebné pri predaji a kúpe dlhopisu FNM SR. Dlhopis fondu, jeho hodnota a lehota splatnosti. Služby RM-S pre dlhopis fondu. Konanie na trhu prostredníctvom zástupcov. Obchodovanie s dlhopisom. Pokyny na trhu. Vzory podaní pokynov. Zoznam obchodných miest RM-Systém Slovakia. | ||
| 610 | 2 | 0 | |a FNM SR Bratislava |
| 610 | 2 | 0 | |a dlhopisy |
| 610 | 2 | 0 | |a kúpa |
| 610 | 2 | 0 | |a predaj |
| 610 | 2 | 0 | |a informácie |
| 610 | 2 | 0 | |a RM-Systém Slovakia |
| 610 | 2 | 0 | |a služby |